000 01608nam0a2200373 4500
001 RU\NLR\BIBL_A\010848240
005 20230615114731.0
010 _a978-5-09-037893-2
_910000
021 _aRU
_bКН-П-18-085907
_9КН-П-18-6223
035 _a(NLR Aleph) 010848240
035 _a(RuMoRGB)009422975
035 _a(NILC)RuMoRGB-008001992
090 _a10363118
_c10363118
100 _a20150928d2016 e y0rusy50 ca
101 0 _arus
102 _aRU
105 _aa|||j|||000yy
200 1 _aИзобразительное искусство
_iИзобразительное искусство в театре, кино, на телевидении
_e8 класс
_eучебник для общеобразовательных организаций
_fА. С. Питерских
_gпод ред. Б. М. Неменского
205 _a5-е изд.
210 _aМосква
_cПросвещение
_d2016 [т.е. 2015]
215 _a175 с.
_cил., цв. ил., портр.
_d26
225 1 _aФГОС
225 1 _aШкола Неменского
300 _aФактическая дата выхода в свет - 2015
606 1 _aИскусство
_jУчебники для средней школы
_2nlr_sh1
_2nlr_sh2
_3RU\NLR\AUTH\6626297
675 _a373.167.1:7.0
686 1 _aЩ,0я72
700 1 _aПитерских
_bА. С.
_gАлексей Сергеевич
801 0 _aRU
_bРГБ
_c20150821
_gRCR
801 1 _aRU
_bРГБ
_c20150821
_2rusmarc
942 _cBOOK
980 _aNB